| 000 | 00370cam a22001457i 4500 | ||
|---|---|---|---|
| 005 | 20250901165808.0 | ||
| 008 | 160922s2015 ke 000 1 swa | ||
| 010 | _a 2015333835 | ||
| 020 | _a9789966068323 | ||
| 050 | 0 | 0 | _aPL 8704 .M36 2015 |
| 100 | 1 |
_aMandila, Jeff, _d1985- |
|
| 245 | 1 | 0 |
_aTunda la msimu / _cJeff Mandila. |
| 300 |
_a112 pages ; _c18 cm. |
||
| 942 | _2lcc | ||
| 999 |
_c9337 _d9337 |
||